书目信息 |
| 题名: |
ANSYS 13.0土木工程应用十日通
|
|
| 作者: | 罗永会 , 黄书珍 编著 | |
| 分册: | ||
| 出版信息: | 北京 中国建筑工业出版社 2011.05 |
|
| 页数: | 13, 558页 | |
| 开本: | 26cm | |
| 丛书名: | 计算机建筑应用系列 | |
| 单 册: | ||
| 中图分类: | TU17 | |
| 科图分类: | ||
| 主题词: | 土木工程--tu mu gong cheng--有限元分析--应用软件 | |
| 电子资源: | ||
| ISBN: | 978-7-112-13437-3 | |
| 000 | 01084nam 2200277 450 | |
| 001 | 0100004299 | |
| 005 | 20240508114449.12 | |
| 010 | @a978-7-112-13437-3@dCNY88.00 (含光盘) | |
| 010 | @a978-7-89475-263-5@b光盘 | |
| 100 | @a20120130d2011 em y0chiy50 ea | |
| 101 | 0 | @achi |
| 102 | @aCN@b110000 | |
| 105 | @aak z 000yy | |
| 200 | 1 | @aANSYS 13.0土木工程应用十日通@AANSYS 13.0 tu mu gong cheng ying yong shi ri tong@f罗永会, 黄书珍等编著 |
| 210 | @a北京@c中国建筑工业出版社@d2011.05 | |
| 215 | @a13, 558页@c图@d26cm@e光盘1片 | |
| 225 | 2 | @a计算机建筑应用系列@Aji suan ji jian zhu ying yong xi lie |
| 330 | @a本书以ANSYS的最新版本ANSYS 13.0为依据, 对ANSYS土木工程有限元分析的基本思路、操作步骤、应用技巧进行了详细介绍。主要包括: ANSYS 13.0入门、ANSYS 13.0图形用户界面等。 | |
| 410 | 0 | @12001 @a计算机建筑应用系列 |
| 606 | 0 | @a土木工程@Atu mu gong cheng@x有限元分析@x应用软件 |
| 610 | 0 | @aANSYS |
| 690 | @aTU17@v4 | |
| 701 | 0 | @a罗永会@Aluo yong hui@4编著 |
| 701 | 0 | @a黄书珍@Ahuang shu zhen@4编著 |
| 801 | 0 | @aCN@b河南城建学院图书馆@c20150827 |
| 905 | @dTU17@eL972 | |
| ANSYS 13.0土木工程应用十日通/罗永会, 黄书珍等编著.-北京:中国建筑工业出版社,2011.05 |
| 13, 558页:图;26cm+光盘1片.-(计算机建筑应用系列) |
| ISBN 978-7-112-13437-3:CNY88.00 (含光盘) |
| 本书以ANSYS的最新版本ANSYS 13.0为依据, 对ANSYS土木工程有限元分析的基本思路、操作步骤、应用技巧进行了详细介绍。主要包括: ANSYS 13.0入门、ANSYS 13.0图形用户界面等。 |
| ● |
| 相关链接 |
|
|
|
正题名:ANSYS 13.0土木工程应用十日通
索取号:TU17/L972
 
预约/预借
| 序号 | 登录号 | 条形码 | 馆藏地/架位号 | 状态 | 备注 |
| 1 | 1177830 | 211778307 | 建筑库101/101建筑库 26排4列2层/ [索取号:TU17/L972] | 在馆 | |
| 2 | 1177831 | 211778316 | 建筑库101/101建筑库 26排4列2层/ [索取号:TU17/L972] | 在馆 | |
| 3 | 1177832 | 211778325 | 建筑库101/101建筑库 26排4列2层/ [索取号:TU17/L972] | 在馆 | |
| 4 | 1240387 | 212403870 | 建筑库101/101建筑库 26排4列1层/ [索取号:TU17/L972] | 在馆 | |
| 5 | 1240388 | 212403889 | 建筑库101/101建筑库 26排4列1层/ [索取号:TU17/L972] | 在馆 | |
| 6 | 1240389 | 212403898 | 建筑库101/101建筑库 26排4列1层/ [索取号:TU17/L972] | 在馆 | |
| 7 | 1240390 | 212403905 | 建筑库101/101建筑库 26排4列1层/ [索取号:TU17/L972] | 在馆 | |
| 8 | 1240391 | 212403914 | 建筑库101/101建筑库 26排4列1层/ [索取号:TU17/L972] | 在馆 | |
| 9 | 1551430 | 215514307 | 建筑库101/101建筑库 26排4列2层/ [索取号:TU17/L972] | 在馆 | |
| 10 | 1551431 | 215514316 | 建筑库101/101建筑库 26排4列2层/ [索取号:TU17/L972] | 在馆 | |
| 11 | 1551432 | 215514325 | 建筑库101/101建筑库 26排4列2层/ [索取号:TU17/L972] | 在馆 | |
| 12 | 1551433 | 215514334 | 建筑库101/101建筑库 26排4列2层/ [索取号:TU17/L972] | 在馆 | |
| 13 | 1551434 | 215514343 | 建筑库101/101建筑库 26排4列2层/ [索取号:TU17/L972] | 在馆 |